[Event "Moscow Region Spring Junior"]
[Site "Serpukhov"]
[Date "2011.05.04"]
[Round "6"]
[White "Makhno, Mikhail"]
[Black "Degrave, Katerina"]
[Result "0-1"]
[WhiteElo "1661"]
[BlackElo "1719"]
[PlyCount "96"]
[EventDate "2011.04.30"]
[EventType "tourn"]
[EventRounds "7"]
[EventCountry "RUS"]
[SourceTitle "EXT 2022"]
[Source "ChessBase"]
[SourceDate "2021.10.06"]
[SourceVersion "1"]
[SourceVersionDate "2021.10.06"]
[SourceQuality "1"]

1. Nf3 c5 2. b3 b6 3. Bb2 Bb7 4. e3 e6 5. Be2 Nf6 6. 0-0 Be7 7. d4 cxd4 8. exd4 0-0 9. Nbd2 d5 10. Ne5 Nc6 11. Ndf3 Rc8 12. Nxc6 Rxc6 13. Ne5 Rc8 14. Bd3 Bb4 15. Qf3 Bd6 16. Qh3 h6 17. Rfe1 a6 18. Re3 Qc7 19. Rg3 Kh8 20. Bc1 Ng8 21. Rb1 Bxe5 22. dxe5 Qxe5 23. Bb2 d4 24. Qh4 Rfd8 25. Rg4 Qa5 26. Bxd4 e5 27. Be3 Qxa2 28. Re1 e4 29. Bxe4 Bxe4 30. Rxe4 Qxc2 31. Bxb6 Rd1 32. Bd4 Qb1 33. f3 Rcc1 34. Bf2 Qxb3 35. h3 Qb8 36. f4 Qb2 37. Kh2 Rxe1 38. Bxe1 Qb1 39. Re3 Nf6 40. Qf2 a5 41. Qe2 a4 42. g4 a3 43. g5 a2 44. gxf6 a1Q 45. fxg7+ Qxg7 46. Rg3 Rxe1 47. Qc4 Rh1+ 48. Kg2 Qg1+ 0-1

[Event "Rybinsk op"]
[Site "Rybinsk"]
[Date "2009.06.16"]
[Round "4"]
[White "Makhno, Mikhail"]
[Black "Kutueva, Natalia"]
[Result "1/2-1/2"]
[WhiteElo "1647"]
[BlackElo "1948"]
[PlyCount "51"]
[EventDate "2009.06.14"]
[EventType "swiss"]
[EventRounds "9"]
[EventCountry "RUS"]
[SourceTitle "CBM 131 Extra"]
[Source "ChessBase"]
[SourceDate "2009.09.03"]
[SourceVersion "2"]
[SourceVersionDate "2009.09.16"]
[SourceQuality "1"]

1. e4 c6 2. d4 d5 3. Nc3 dxe4 4. Nxe4 Bf5 5. Ng3 Bg6 6. Nf3 Nd7 7. Bd3 Bxd3 8. Qxd3 e6 9. 0-0 Ngf6 10. Re1 Be7 11. Bg5 0-0 12. Rad1 h6 13. Bxf6 Nxf6 14. Ne4 Nxe4 15. Qxe4 Qb6 16. Ne5 Rad8 17. Re3 Bf6 18. Rg3 Kh8 19. c3 Qxb2 20. Ng4 Bh4 21. Rh3 f5 22. Qe3 fxg4 23. Rxh4 Qxa2 24. Rxh6+ gxh6 25. Qxh6+ Kg8 26. Qg6+ 1/2-1/2

[Event "Rybinsk op"]
[Site "Rybinsk"]
[Date "2009.06.14"]
[Round "1"]
[White "Makhno, Mikhail"]
[Black "Baranov, Roman"]
[Result "0-1"]
[WhiteElo "1647"]
[BlackElo "2134"]
[PlyCount "78"]
[EventDate "2009.06.14"]
[EventType "swiss"]
[EventRounds "9"]
[EventCountry "RUS"]
[SourceTitle "CBM 131 Extra"]
[Source "ChessBase"]
[SourceDate "2009.09.03"]
[SourceVersion "2"]
[SourceVersionDate "2009.09.16"]
[SourceQuality "1"]

1. e4 c5 2. Nf3 d6 3. d4 cxd4 4. Nxd4 Nf6 5. Nc3 g6 6. Bc4 Bg7 7. 0-0 0-0 8. Kh1 Nc6 9. Nde2 Bd7 10. f4 Rc8 11. Bb3 b5 12. Ng3 b4 13. Nce2 Qc7 14. f5 Ne5 15. fxg6 hxg6 16. Nf4 a5 17. a4 bxa3 18. Rxa3 a4 19. Bxa4 Bxa4 20. Rxa4 Qxc2 21. Qxc2 Rxc2 22. Ra7 Rfc8 23. Be3 Nc6 24. Rb7 Ng4 25. Nd5 Nxe3 26. Nxe3 Rxb2 27. Rd7 Kf8 28. Nc4 Ne5 29. Nxb2 Nxd7 30. Nd3 Nc5 31. Nf4 Ke8 32. Nd5 Be5 33. Rc1 Rb8 34. Kg1 e6 35. Nc3 Bxg3 36. hxg3 Rb4 37. Re1 Rb3 38. Ne2 Re3 39. Kf2 Rxe4 0-1

[Event "Moscow op-B"]
[Site "Moscow"]
[Date "2009.02.07"]
[Round "8"]
[White "Makhno, Mikhail"]
[Black "Yuganova, Marina"]
[Result "1-0"]
[WhiteElo "1621"]
[BlackElo "2000"]
[PlyCount "55"]
[EventDate "2009.01.31"]
[EventType "swiss"]
[EventRounds "9"]
[EventCountry "RUS"]
[SourceTitle "EXT 2012"]
[Source "ChessBase"]
[SourceDate "2011.11.24"]
[SourceVersion "1"]
[SourceVersionDate "2011.11.24"]
[SourceQuality "1"]

1. e4 d5 2. exd5 Qxd5 3. Nc3 Qa5 4. Nf3 Bf5 5. d4 Nf6 6. Bd2 c6 7. Ne4 Qc7 8. Nxf6+ gxf6 9. g3 Nd7 10. Bg2 0-0-0 11. 0-0 e5 12. c3 Bd6 13. Be3 Bg4 14. Qa4 Bxf3 15. Bxf3 a6 16. Rfd1 h5 17. h4 Rdg8 18. Qc2 exd4 19. Bxd4 Bxg3 20. fxg3 Qxg3+ 21. Bg2 Qxh4 22. Qf2 Qg4 23. Kh2 Qe6 24. Bh3 Qd6+ 25. Kh1 Qd5+ 26. Kh2 Qd6+ 27. Kh1 Kb8 28. Ba7+ 1-0

[Event "Moscow op-B"]
[Site "Moscow"]
[Date "2009.02.04"]
[Round "5"]
[White "Makhno, Mikhail"]
[Black "Lavrischev, Anatoliy"]
[Result "1/2-1/2"]
[WhiteElo "1621"]
[BlackElo "1981"]
[PlyCount "62"]
[EventDate "2009.01.31"]
[EventType "swiss"]
[EventRounds "9"]
[EventCountry "RUS"]
[SourceTitle "EXT 2012"]
[Source "ChessBase"]
[SourceDate "2011.11.24"]
[SourceVersion "1"]
[SourceVersionDate "2011.11.24"]
[SourceQuality "1"]

1. e4 b6 2. d4 Bb7 3. Nc3 e6 4. a3 Nf6 5. Bg5 Be7 6. Bd3 d6 7. Bxf6 Bxf6 8. Nf3 Nd7 9. Qd2 a6 10. g4 h6 11. h4 c5 12. d5 Ne5 13. Nxe5 dxe5 14. dxe6 fxe6 15. h5 Bg5 16. Qe2 b5 17. Rd1 Qa5 18. Qf3 Rf8 19. Qg2 Rd8 20. 0-0 c4 21. Be2 Rd4 22. Rxd4 exd4 23. Na2 Qd2 24. Bd1 a5 25. Qg3 Bf4 26. Qh3 Bxe4 27. g5 Bf5 28. Qf3 e5 29. Qd5 Bd7 30. g6 Bg5 31. Qxe5+ Be7 1/2-1/2